[Event "Dutch Open 2009"]
[Site "Dieren NED"]
[Date "2009.07.25"]
[Round "5.4"]
[White "L'Ami, Erwin"]
[Black "Shyam, Sundar M"]
[Result "1-0"]
[WhiteElo "2593"]
[BlackElo "2415"]
[PlyCount "81"]
[EventDate "2009.07.21"]
[EventType "swiss"]
[EventRounds "9"]
[EventCountry "NED"]
[Source "lmi"]
[SourceDate "2009.07.21"]

1. d4 Nf6 2. c4 g6 3. Nc3 Bg7 4. e4 d6 5. Nf3 O-O 6. Be2 e5 7. O-O Nc6 8. d5
Ne7 9. Ne1 Nd7 10. f3 f5 11. g4 Kh8 12. Be3 a5 13. Nd3 b6 14. Qd2 Nc5 15. Nxc5
bxc5 16. Kh1 Bd7 17. Rg1 f4 18. Bf2 Nc8 19. h4 Bf6 20. Qe1 Nb6 21. Rg2 Be7 22.
Rh2 h5 23. g5 Qb8 24. Bf1 Qb7 25. b3 a4 26. Bg1 axb3 27. axb3 Rxa1 28. Qxa1 Ra8
29. Ra2 Kg7 30. Kh2 Kf7 31. Bh3 Bxh3 32. Kxh3 Ke8 33. Nb5 Rxa2 34. Qxa2 Nc8 35.
Qa4 Kd8 36. Bf2 Nb6 37. Qa5 Kd7 38. Kg2 Bd8 39. Na7 Be7 40. Qb5+ Kd8 41. Nc6+
1-0

[Event "Dutch Open 2009"]
[Site "Dieren NED"]
[Date "2009.07.25"]
[Round "5.6"]
[White "Bitalzadeh, Ali"]
[Black "Reinderman, Dimitri"]
[Result "1/2-1/2"]
[WhiteElo "2434"]
[BlackElo "2565"]
[PlyCount "164"]
[EventDate "2009.07.21"]
[EventType "swiss"]
[EventRounds "9"]
[EventCountry "NED"]
[Source "lmi"]
[SourceDate "2009.07.21"]

1. d4 f5 2. Nf3 Nf6 3. c4 g6 4. g3 Bg7 5. Bg2 O-O 6. O-O d6 7. Nc3 c6 8. Rb1
Nh5 9. e4 e5 10. dxe5 dxe5 11. Qxd8 Rxd8 12. Re1 f4 13. Bf1 Na6 14. b4 Nc7 15.
c5 Ne6 16. Bc4 Kf8 17. Ne2 Re8 18. Kg2 g5 19. h3 Bf6 20. Bb2 Nd8 21. Nc1 Be6
22. Bxe6 Rxe6 23. Rd1 Nf7 24. Bc3 Ke8 25. b5 b6 26. Nd3 cxb5 27. Rxb5 Rd8 28.
Rd2 bxc5 29. Nxc5 Rb6 30. Ra5 Rxd2 31. Nxd2 Rc6 32. Ndb3 Be7 33. Bb4 Rc7 34.
Kf3 Nf6 35. Ra6 h5 36. g4 hxg4+ 37. hxg4 Nd7 38. Ne6 Rb7 39. Ng7+ Kf8 40. Ne6+
Ke8 41. Ng7+ Kf8 42. Bxe7+ Kxe7 43. Na5 Nc5 44. Nf5+ Ke8 45. Rc6 Rb5 46. Nc4
Kd8 47. Rf6 Rb7 48. Rg6 Rb4 49. Ncd6 Nxd6 50. Rxd6+ Kc7 51. Rd5 Nxe4 52. Rxe5
Nd2+ 53. Ke2 Rb2 54. Re7+ Kb6 55. a4 Ne4+ 56. Kf3 Nxf2 57. Nd6 Kc5 58. Nf5 Nd3
59. Rc7+ Kb6 60. Rg7 Ne1+ 61. Ke4 Rb4+ 62. Kd5 f3 63. Rg6+ Ka5 64. Rxg5 f2 65.
Ng3 Kxa4 66. Rg7 a5 67. Rf7 Rxg4 68. Ne4 Nd3 69. Kd4 Rf4 70. Rxf4 Nxf4 71. Nxf2
Kb4 72. Ke3 Ne6 73. Kd2 Kb3 74. Kc1 Nc5 75. Kb1 a4 76. Nd1 a3 77. Ne3 Ne4 78.
Nf5 Nc3+ 79. Ka1 Ne2 80. Kb1 a2+ 81. Ka1 Ka3 82. Nd4 Nxd4 1/2-1/2

[Event "Dutch Open 2009"]
[Site "Dieren NED"]
[Date "2009.07.25"]
[Round "5.7"]
[White "Ikonnikov, Vyacheslav"]
[Black "Otte, Marijn"]
[Result "1-0"]
[WhiteElo "2556"]
[BlackElo "2298"]
[PlyCount "101"]
[EventDate "2009.07.21"]
[EventType "swiss"]
[EventRounds "9"]
[EventCountry "NED"]
[Source "lmi"]
[SourceDate "2009.07.21"]

1. d4 Nf6 2. Nf3 c5 3. d5 d6 4. c4 e5 5. Nc3 Be7 6. e4 O-O 7. g3 Nbd7 8. a4 a6
9. Bg2 b6 10. O-O Rb8 11. Ne1 Ne8 12. b3 g6 13. Bh6 Ng7 14. Qd2 Nf6 15. h3 Kh8
16. Nd3 Ng8 17. Bxg7+ Kxg7 18. f4 Bf6 19. fxe5 dxe5 20. a5 b5 21. Qe3 bxc4 22.
bxc4 Bg5 23. Qf2 Rb3 24. Qc2 Rb8 25. Nxe5 Qd6 26. Nf3 Qxg3 27. Ne2 Be3+ 28. Kh1
Qc7 29. Qc3+ Bd4 30. Nfxd4 cxd4 31. Nxd4 f6 32. Nc6 Ra8 33. e5 Bb7 34. exf6+
Nxf6 35. Rae1 Bxc6 36. Re6 Bb7 37. Rexf6 Rxf6 38. Qxf6+ Kg8 39. Re1 Rf8 40. Re7
Rxf6 41. Rxc7 Rf7 42. Rxf7 Kxf7 43. c5 Bc8 44. d6 Ke6 45. Bc6 h6 46. Kh2 g5 47.
Kg3 h5 48. Kf3 Ke5 49. d7 Bxd7 50. Bxd7 Kd5 51. c6 1-0

[Event "Dutch Open 2009"]
[Site "Dieren NED"]
[Date "2009.07.25"]
[Round "5.8"]
[White "Tondivar, Babak"]
[Black "Swinkels, Robin"]
[Result "1/2-1/2"]
[WhiteElo "2372"]
[BlackElo "2516"]
[PlyCount "194"]
[EventDate "2009.07.21"]
[EventType "swiss"]
[EventRounds "9"]
[EventCountry "NED"]
[Source "lmi"]
[SourceDate "2009.07.21"]

1. d4 Nf6 2. c4 e6 3. Nf3 b6 4. g3 Ba6 5. Qa4 Bb7 6. Bg2 c5 7. dxc5 bxc5 8. O-O
Be7 9. Nc3 O-O 10. Rd1 d6 11. Bf4 Qb6 12. Rd2 Nc6 13. Qd1 Rad8 14. b3 Nd4 15.
e3 Nxf3+ 16. Bxf3 Bxf3 17. Qxf3 Ne8 18. e4 Bf6 19. Rad1 Bd4 20. e5 f6 21. exd6
e5 22. Nd5 Qxd6 23. Be3 Nc7 24. b4 Ne6 25. bxc5 Qxc5 26. Qf5 Qd6 27. Nf4 exf4
28. Bxd4 Qc6 29. gxf4 Qxc4 30. Be3 g6 31. Qb1 Rxd2 32. Rxd2 Nxf4 33. Qb3 Qxb3
34. axb3 Ne6 35. Bxa7 Rf7 36. Be3 Rb7 37. Rd3 f5 38. f3 Kf7 39. Kg2 Kf6 40. Rc3
Ke5 41. Kf2 Nc7 42. b4 Nd5 43. Rb3 Rxb4 44. Rxb4 Nxb4 45. Bb6 Nd5 46. Bc5 Kf4
47. Bd6+ Kg5 48. Kg3 Kf6 49. Bb8 Nb4 50. Bd6 Nd3 51. Bc7 Nc5 52. Bd6 Ne6 53.
Bb4 Ke5 54. Bc3+ Kd5 55. Bf6 Kc4 56. Kf2 Kd3 57. Be7 Nf4 58. Bd6 Nd5 59. Bc5
Kd2 60. Bd6 Kd1 61. Bb8 Kd2 62. Bd6 Kd3 63. Be5 Nb4 64. Bd6 Nc2 65. Bc7 Ne3 66.
Bd6 Nc2 67. Bc7 Nd4 68. Be5 Ne6 69. Bd6 Kd4 70. Bb8 Kd5 71. Ba7 Ke5 72. Bb8+
Kf6 73. Kg3 g5 74. Bd6 Kg6 75. Be5 Ng7 76. Bc7 Nh5+ 77. Kf2 Nf6 78. Kg3 g4 79.
fxg4 Nxg4 80. Bb8 Kg5 81. Bc7 Kf6 82. Bb8 Ne5 83. Kh4 Nf7 84. Bc7 Ke6 85. Kg3
Kf6 86. Kh4 Kg6 87. Bf4 Nd8 88. Bc7 Ne6 89. Be5 Nc5 90. Bc7 Ne4 91. Bb8 Nf2 92.
Bc7 Ng4 93. Bb8 Nh6 94. Bc7 Kf6 95. Bb8 Nf7 96. Bc7 Ke6 97. Kg3 Kf6 1/2-1/2

[Event "Dutch Open 2009"]
[Site "Dieren NED"]
[Date "2009.07.25"]
[Round "5.9"]
[White "Vovk, Andrey"]
[Black "Wohl, Aleksandar H"]
[Result "1/2-1/2"]
[WhiteElo "2506"]
[BlackElo "2387"]
[PlyCount "62"]
[EventDate "2009.07.21"]
[EventType "swiss"]
[EventRounds "9"]
[EventCountry "NED"]
[Source "lmi"]
[SourceDate "2009.07.21"]

1. e4 Nf6 2. e5 Nd5 3. d4 d6 4. Nf3 dxe5 5. Nxe5 g6 6. Bc4 c6 7. O-O Bg7 8. Re1
O-O 9. c3 a5 10. a4 Nd7 11. Nd3 e6 12. Nd2 b6 13. Qe2 Bb7 14. Ne4 Qc7 15. Ng5
Rae8 16. Ne5 f6 17. Nxd7 Qxd7 18. Nf3 Kh8 19. Be3 g5 20. h3 Rg8 21. Rad1 Bf8
22. Bd3 Qg7 23. Nh2 c5 24. Be4 Nxe3 25. Qxe3 cxd4 26. cxd4 Bb4 27. Re2 Ba6 28.
Bd3 Bb7 29. Be4 Ba6 30. Bd3 Bb7 31. Be4 Ba6 1/2-1/2

[Event "Dutch Open 2009"]
[Site "Dieren NED"]
[Date "2009.07.25"]
[Round "5.11"]
[White "Visser, Yge"]
[Black "Ootes, Lars"]
[Result "1/2-1/2"]
[WhiteElo "2464"]
[BlackElo "2261"]
[PlyCount "118"]
[EventDate "2009.07.21"]
[EventType "swiss"]
[EventRounds "9"]
[EventCountry "NED"]
[Source "lmi"]
[SourceDate "2009.07.21"]

1. e4 d6 2. d4 Nf6 3. Nc3 g6 4. Nf3 Bg7 5. Be3 a6 6. a4 O-O 7. h3 Nc6 8. Bc4 e5
9. dxe5 Nxe5 10. Nxe5 dxe5 11. a5 Qe7 12. Qb1 Bd7 13. Qa2 Bc6 14. f3 Nh5 15.
O-O-O Nf4 16. g3 Ne6 17. h4 Rfd8 18. Bd5 Rd6 19. Bxc6 bxc6 20. Qc4 Nd4 21. f4
Qe6 22. Qxe6 fxe6 23. Rd3 Nb3+ 24. Kb1 Nxa5 25. Na4 Nc4 26. Bc5 Rxd3 27. cxd3
Nd6 28. h5 Rd8 29. Kc2 Nb7 30. Ba3 exf4 31. gxf4 Bf8 32. hxg6 hxg6 33. Kd2 Rd4
34. Bxf8 Kxf8 35. b3 Kg7 36. Rc1 Nd8 37. Nc5 Rb4 38. Ra1 Rb5 39. Nxa6 Rxb3 40.
Nxc7 Kf7 41. Na6 Rb5 42. Rh1 g5 43. Nc7 Rb7 44. fxg5 Kg6 45. Na6 Kxg5 46. Nc5
Rb5 47. Nd7 Rb7 48. Rg1+ Kf4 49. Rf1+ Kg5 50. Nc5 Re7 51. e5 Nb7 52. Ne4+ Kg6
53. Ke3 c5 54. Rf8 Rf7 55. Rb8 Kf5 56. Rxb7 Rxb7 57. Nd6+ Kxe5 58. Nxb7 Kd5 59.
Na5 e5 1/2-1/2

[Event "Dutch Open 2009"]
[Site "Dieren NED"]
[Date "2009.07.25"]
[Round "5.13"]
[White "Bosch, Jeroen"]
[Black "Klein, David"]
[Result "1/2-1/2"]
[WhiteElo "2456"]
[BlackElo "2236"]
[PlyCount "88"]
[EventDate "2009.07.21"]
[EventType "swiss"]
[EventRounds "9"]
[EventCountry "NED"]
[Source "lmi"]
[SourceDate "2009.07.21"]

1. e4 c5 2. Nf3 d6 3. d4 cxd4 4. Nxd4 Nf6 5. Nc3 a6 6. a4 e5 7. Nf3 Be7 8. Bg5
O-O 9. Bxf6 Bxf6 10. Bc4 Be6 11. Nd5 Nd7 12. O-O Rc8 13. Ba2 Nc5 14. Re1 Bxd5
15. Bxd5 Qb6 16. b3 Ne6 17. Nd2 Qc7 18. a5 Rcd8 19. Nc4 Bg5 20. c3 Kh8 21. g3
Qe7 22. Kg2 g6 23. Rh1 h5 24. Qe2 Kg7 25. h4 Bh6 26. Rad1 f5 27. exf5 Rxf5 28.
Rhf1 Rf6 29. Nb6 Rdf8 30. Bxe6 Qxe6 31. Nd5 Rf5 32. f3 Kh8 33. c4 Rg8 34. Nc3
g5 35. Ne4 gxh4 36. Rxd6 Rxg3+ 37. Nxg3 Qxd6 38. Nxf5 Qg6+ 39. Kf2 Qxf5 40. Qe4
Qg5 41. Rg1 Qd2+ 42. Kf1 Qd1+ 43. Kg2 Qd2+ 44. Kh1 Bf4 1/2-1/2

[Event "Dutch Open 2009"]
[Site "Dieren NED"]
[Date "2009.07.25"]
[Round "5.15"]
[White "Hoeksema, Hendrik Pieter"]
[Black "De Ruiter, Danny"]
[Result "1-0"]
[WhiteElo "2309"]
[BlackElo "2003"]
[PlyCount "123"]
[EventDate "2009.07.21"]
[EventType "swiss"]
[EventRounds "9"]
[EventCountry "NED"]
[Source "lmi"]
[SourceDate "2009.07.21"]

1. d4 Nf6 2. c4 g6 3. Nc3 d5 4. cxd5 Nxd5 5. Bd2 Bg7 6. e4 Nb6 7. Be3 O-O 8. h3
Nc6 9. Nf3 a6 10. Be2 Qd6 11. O-O Rd8 12. d5 Qb4 13. Qc2 Nd4 14. Nxd4 Bxd4 15.
a3 Qc5 16. Bxd4 Qxd4 17. Rad1 Qf6 18. f4 e6 19. d6 cxd6 20. Qb3 Nd7 21. Rxd6
Qh4 22. e5 b6 23. Qd1 Kg7 24. Bf3 Ra7 25. Bc6 Rc7 26. Qd4 Qe7 27. Rd1 Nb8 28.
Bf3 Re8 29. Qxb6 Bb7 30. Qe3 Rec8 31. R1d2 Nc6 32. Na4 Na5 33. Nb6 Rb8 34. Be2
Qh4 35. Bf1 Bc6 36. b4 Nb7 37. R6d4 Nd8 38. Qf2 Qxf2+ 39. Kxf2 Rxb6 40. Rxd8
Bd5 41. Rd6 Rcc6 42. Rxc6 Rxc6 43. a4 Kf8 44. Bd3 Rb6 45. b5 axb5 46. Bxb5 Ke7
47. Rc2 Kd8 48. g4 Rb7 49. Ke3 Ra7 50. Rc3 Rb7 51. Kd4 Ra7 52. g5 Ra8 53. h4
Ra7 54. Kc5 Rc7+ 55. Kb4 Ra7 56. a5 Rb7 57. a6 Rb8 58. Ka5 Ra8 59. Bc6 Rc8 60.
a7 Rc7 61. a8=Q+ Ke7 62. Qe8# 1-0

[Event "Dutch Open 2009"]
[Site "Dieren NED"]
[Date "2009.07.25"]
[Round "5.16"]
[White "Kodentsov, Grigori"]
[Black "Kiran, Manisha Mohanty"]
[Result "1-0"]
[WhiteElo "2279"]
[BlackElo "2203"]
[PlyCount "59"]
[EventDate "2009.07.21"]
[EventType "swiss"]
[EventRounds "9"]
[EventCountry "NED"]
[Source "lmi"]
[SourceDate "2009.07.21"]

1. e4 e6 2. d4 d5 3. Nc3 Bb4 4. e5 c5 5. a3 Bxc3+ 6. bxc3 Ne7 7. Qg4 Qc7 8.
Qxg7 Rg8 9. Qxh7 cxd4 10. Ne2 Nbc6 11. f4 Bd7 12. Qd3 dxc3 13. Rb1 O-O-O 14.
Nxc3 a6 15. Qxa6 Nb8 16. Qd3 Nf5 17. g4 Nh4 18. Rg1 Bc6 19. Rg3 Nd7 20. Nb5
Bxb5 21. Rxb5 Nb8 22. Be2 Nc6 23. a4 Ng6 24. Qd2 Rd7 25. Rgb3 Qd8 26. g5 Kb8
27. Rb6 Ka8 28. a5 Nb8 29. a6 bxa6 30. Bxa6 1-0

[Event "Dutch Open 2009"]
[Site "Dieren NED"]
[Date "2009.07.25"]
[Round "5.17"]
[White "Diepeveen, Vincent"]
[Black "Kuipers, Stefan"]
[Result "0-1"]
[WhiteElo "2273"]
[BlackElo "2324"]
[PlyCount "78"]
[EventDate "2009.07.21"]
[EventType "swiss"]
[EventRounds "9"]
[EventCountry "NED"]
[Source "lmi"]
[SourceDate "2009.07.21"]

1. e4 c5 2. Nf3 Nc6 3. d4 cxd4 4. Nxd4 Nf6 5. Nc3 e5 6. Ndb5 d6 7. Bg5 a6 8.
Na3 b5 9. Bxf6 gxf6 10. Nd5 Bg7 11. Bd3 Ne7 12. Nxe7 Qxe7 13. c4 f5 14. O-O O-O
15. Qf3 d5 16. cxd5 fxe4 17. Bxe4 Rb8 18. Bf5 Qf6 19. Bxc8 Qxf3 20. gxf3 Rbxc8
21. Rac1 Bh6 22. Rc2 Rfd8 23. Rd1 f5 24. Kf1 Kf7 25. Ke2 Bf8 26. Rdc1 Rxc2+ 27.
Nxc2 Rc8 28. Kd2 Bh6+ 29. Ne3 Rxc1 30. Kxc1 e4 31. fxe4 fxe4 32. Kd2 Bf4 33. h3
Kf6 34. Kc3 Ke5 35. Kb4 Bxe3 36. fxe3 Kxd5 37. Ka5 Kc4 38. Kxa6 b4 39. a4 bxa3
0-1

[Event "Dutch Open 2009"]
[Site "Dieren NED"]
[Date "2009.07.25"]
[Round "5.19"]
[White "Vogel, Jaap"]
[Black "Lalith, Babu M.R"]
[Result "0-1"]
[WhiteElo "2237"]
[BlackElo "2472"]
[PlyCount "100"]
[EventDate "2009.07.21"]
[EventType "swiss"]
[EventRounds "9"]
[EventCountry "NED"]
[Source "lmi"]
[SourceDate "2009.07.21"]

1. d4 Nf6 2. Nf3 e6 3. Bf4 b6 4. e3 Bb7 5. Bd3 Be7 6. h3 c5 7. O-O O-O 8. c3 d6
9. Qe2 Nc6 10. Ba6 Bxa6 11. Qxa6 Rc8 12. Rd1 d5 13. Nbd2 Qd7 14. a4 Rfd8 15.
Ne5 Nxe5 16. Bxe5 Ne8 17. Qb5 Qb7 18. a5 Rc6 19. a6 Qc8 20. Qe2 Bd6 21. Bxd6
Nxd6 22. dxc5 bxc5 23. e4 Rb6 24. exd5 exd5 25. b3 Nb5 26. Qd3 h6 27. Nf3 Nc7
28. b4 Nxa6 29. b5 c4 30. Qd4 Rxb5 31. Qxa7 Nc5 32. Nd4 Rb7 33. Qa2 Ne4 34. Qc2
Qc7 35. f3 Nc5 36. Rdb1 Nd3 37. Rxb7 Qxb7 38. Rb1 Qc7 39. Qe2 Qg3 40. Qe7 Rf8
41. Nf5 Qf4 42. Qd7 Qg5 43. h4 Qd2 44. Qd6 Re8 45. Qg3 Qxc3 46. Nxh6+ Kh7 47.
Nxf7 Qd4+ 48. Kh1 Qf4 49. Ng5+ Kg8 50. Qh3 Nf2+ 0-1

[Event "Dutch Open 2009"]
[Site "Dieren NED"]
[Date "2009.07.25"]
[Round "5.20"]
[White "Pruijssers, Roeland"]
[Black "Van Leent, Dimitri"]
[Result "1-0"]
[WhiteElo "2401"]
[BlackElo "2192"]
[PlyCount "61"]
[EventDate "2009.07.21"]
[EventType "swiss"]
[EventRounds "9"]
[EventCountry "NED"]
[Source "lmi"]
[SourceDate "2009.07.21"]

1. e4 e6 2. d4 d5 3. Nc3 Bb4 4. e5 c5 5. a3 Ba5 6. b4 cxd4 7. Nb5 Bc7 8. Nf3
Bd7 9. Nxc7+ Qxc7 10. Bd3 Ba4 11. Bb2 Nc6 12. O-O Nge7 13. Re1 Ng6 14. Bxd4 a6
15. Bc5 Ngxe5 16. Nxe5 Nxe5 17. Qh5 b6 18. Rxe5 bxc5 19. Rxe6+ Kf8 20. Rxa6
Rxa6 21. Bxa6 Qc6 22. Bf1 Bxc2 23. Rc1 Bg6 24. Qe5 f6 25. Qb8+ Be8 26. Rxc5 Qe6
27. Rc7 h5 28. b5 h4 29. b6 h3 30. g3 Kg8 31. Qc8 1-0

[Event "Dutch Open 2009"]
[Site "Dieren NED"]
[Date "2009.07.25"]
[Round "5.21"]
[White "Van Assendelft, Floris"]
[Black "Vermeulen, Wesley"]
[Result "1/2-1/2"]
[WhiteElo "2332"]
[BlackElo "2164"]
[PlyCount "31"]
[EventDate "2009.07.21"]
[EventType "swiss"]
[EventRounds "9"]
[EventCountry "NED"]
[Source "lmi"]
[SourceDate "2009.07.21"]

1. Nf3 c5 2. e4 d6 3. d4 cxd4 4. Nxd4 Nf6 5. Nc3 a6 6. f4 Qb6 7. Nb3 g6 8. Be2
Nc6 9. g4 h5 10. gxh5 gxh5 11. Bf3 Rg8 12. Ke2 Ng4 13. Qg1 Qb4 14. Qd1 Qb6 15.
Qg1 Qb4 16. Qd1 1/2-1/2

[Event "Dutch Open 2009"]
[Site "Dieren NED"]
[Date "2009.07.25"]
[Round "5.23"]
[White "Spaan, Nathanael"]
[Black "Motoc, Alina"]
[Result "1-0"]
[WhiteElo "2194"]
[BlackElo "2315"]
[PlyCount "58"]
[EventDate "2009.07.21"]
[EventType "swiss"]
[EventRounds "9"]
[EventCountry "NED"]
[Source "lmi"]
[SourceDate "2009.07.21"]

1. e4 c5 2. Nf3 d6 3. d4 cxd4 4. Nxd4 Nf6 5. Nc3 a6 6. Bc4 e6 7. Bb3 b5 8. f3
Bb7 9. Be3 Nbd7 10. g4 Nc5 11. g5 Nfd7 12. Qd2 Nb6 13. a4 b4 14. Nce2 a5 15.
Nb5 Be7 16. h4 Ba6 17. Ned4 Qd7 18. h5 Nbxa4 19. Bc4 Nxb2 20. Be2 e5 21. Rxa5
exd4 22. Qxd4 Nba4 23. Qxg7 Rf8 24. g6 fxg6 25. hxg6 Bh4+ 26. Rxh4 Qxg7 27. Bd4
Qxg6 28. Nc7+ Kd7 29. Nxa6 Nxa6 1-0

[Event "Dutch Open 2009"]
[Site "Dieren NED"]
[Date "2009.07.25"]
[Round "5.24"]
[White "Van Rosmalen, Joost"]
[Black "Soumya, Swaminathan"]
[Result "1/2-1/2"]
[WhiteElo "2206"]
[BlackElo "2309"]
[PlyCount "88"]
[EventDate "2009.07.21"]
[EventType "swiss"]
[EventRounds "9"]
[EventCountry "NED"]
[Source "lmi"]
[SourceDate "2009.07.21"]

1. e4 c5 2. Nf3 Nc6 3. d4 cxd4 4. Nxd4 Qb6 5. Nb3 Nf6 6. Nc3 e6 7. Be3 Qc7 8.
a3 a6 9. Be2 b5 10. f4 d6 11. O-O Be7 12. Qe1 O-O 13. Qg3 Rb8 14. Kh1 b4 15.
axb4 Nxb4 16. e5 Nd7 17. f5 exf5 18. Bh6 g6 19. Bxf8 Bxf8 20. exd6 Bxd6 21. Qh4
Nxc2 22. Rac1 Rxb3 23. Rxc2 Rb4 24. Qh3 Bb7 25. Bf3 Bxf3 26. Rxf3 Ne5 27. Rff2
Ng4 28. Rfe2 Bxh2 29. Nd5 Qa7 30. Re8+ Kg7 31. Qc3+ Kh6 32. Ne3 Nxe3 33. Qxb4
Nxc2 34. Qd2+ Kg7 35. Kxh2 Qc7+ 36. g3 a5 37. Ra8 Nb4 38. Qd4+ Kh6 39. Qd2+ Kg7
40. Qc3+ Qxc3 41. bxc3 Nd5 42. Rc8 Kf6 43. c4 Ne3 44. c5 Ke7 1/2-1/2

[Event "Dutch Open 2009"]
[Site "Dieren NED"]
[Date "2009.07.25"]
[Round "5.25"]
[White "Haast, Anne"]
[Black "Overeem, Marc"]
[Result "1/2-1/2"]
[WhiteElo "2158"]
[BlackElo "2303"]
[PlyCount "117"]
[EventDate "2009.07.21"]
[EventType "swiss"]
[EventRounds "9"]
[EventCountry "NED"]
[Source "lmi"]
[SourceDate "2009.07.21"]

1. e4 e5 2. Nf3 Nc6 3. Bb5 Nf6 4. O-O Nxe4 5. d4 Nd6 6. Bxc6 dxc6 7. dxe5 Nf5
8. Qxd8+ Kxd8 9. Nc3 Bd7 10. Ne2 h6 11. b3 Kc8 12. Bb2 b6 13. c4 a5 14. a3 c5
15. a4 Bc6 16. Nd2 Kb7 17. Rad1 Rd8 18. Nb1 Be7 19. Nbc3 Nd4 20. Nxd4 cxd4 21.
Nb1 Bc5 22. Ba3 Rhe8 23. Rfe1 Re6 24. Bxc5 bxc5 25. Nd2 Rde8 26. f4 f6 27. b4
Bxa4 28. Ra1 Bc2 29. Rxa5 fxe5 30. f5 Ra6 31. Rb5+ Rb6 32. Rxc5 Rxb4 33. Rexe5
Rxe5 34. Rxe5 Rb2 35. Rd5 Bxf5 36. Rxd4 c5 37. Rd5 Be6 38. Rd6 Bf5 39. Nf3 g6
40. Rd5 Kb6 41. Rd6+ Ka5 42. Rc6 Kb4 43. Ne5 Re2 44. Nxg6 Kxc4 45. Nf4 Ra2 46.
Rd6 Be4 47. h3 Kc3 48. Kf1 c4 49. Ne2+ Kb4 50. Ke1 h5 51. Rb6+ Kc5 52. Rh6 Bxg2
53. Rxh5+ Kb4 54. Rb5+ Kxb5 55. Nc3+ Kb4 56. Nxa2+ Kb3 57. Nc1+ Kb2 58. Ne2
Bxh3 59. Kd2 1/2-1/2

[Event "Dutch Open 2009"]
[Site "Dieren NED"]
[Date "2009.07.25"]
[Round "5.27"]
[White "Van der Poel, Henk"]
[Black "Goudriaan, Etienne"]
[Result "1/2-1/2"]
[WhiteElo "2282"]
[BlackElo "2107"]
[PlyCount "106"]
[EventDate "2009.07.21"]
[EventType "swiss"]
[EventRounds "9"]
[EventCountry "NED"]
[Source "lmi"]
[SourceDate "2009.07.21"]

1. e4 c5 2. Nf3 d6 3. d4 cxd4 4. Nxd4 Nf6 5. Nc3 a6 6. f4 Nbd7 7. Be2 e5 8. Nf5
Qc7 9. O-O b5 10. Ne3 Nb6 11. a4 b4 12. Ncd5 Nbxd5 13. exd5 Bb7 14. Bc4 Qc5 15.
c3 bxc3 16. Qb3 Bc8 17. Qxc3 Qd4 18. Qxd4 exd4 19. Nc2 Bb7 20. Nb4 a5 21. Bb5+
Kd8 22. Nc6+ Kc7 23. Bd2 Kb6 24. b4 axb4 25. Nxb4 Ne4 26. Rfd1 g6 27. Nc6 Bg7
28. Bb4 Nc3 29. Bxd6 Nxd5 30. Be5 Bxe5 31. Nxe5 Ne3 32. Nc4+ Nxc4 33. Bxc4 Rhd8
34. Bxf7 Be4 35. Bc4 Bc2 36. Rd2 Rxa4 37. Rxa4 Bxa4 38. Kf2 Kc5 39. Be2 Bb3 40.
g4 Bc4 41. Bd1 d3 42. Rb2 Kd4 43. Rb7 Ra8 44. Rd7+ Kc3 45. Rxh7 Ra1 46. Bf3 d2
47. Rd7 Rf1+ 48. Kg2 Rxf3 49. Rxd2 Rxf4 50. Kg3 g5 51. Rf2 Rd4 52. Rf5 Rd3+ 53.
Rf3 Kd4 1/2-1/2

[Event "Dutch Open 2009"]
[Site "Dieren NED"]
[Date "2009.07.25"]
[Round "5.28"]
[White "Rajesh, V A V."]
[Black "Kabos, Tobias"]
[Result "1-0"]
[WhiteElo "2249"]
[BlackElo "2122"]
[PlyCount "79"]
[EventDate "2009.07.21"]
[EventType "swiss"]
[EventRounds "9"]
[EventCountry "NED"]
[Source "lmi"]
[SourceDate "2009.07.21"]

1. d4 Nf6 2. c4 g6 3. Nc3 Bg7 4. e4 d6 5. Nf3 O-O 6. Be2 e5 7. O-O Na6 8. dxe5
dxe5 9. Qc2 Nb4 10. Qa4 Nc6 11. Rd1 Nd4 12. Bg5 h6 13. Bxf6 Nxe2+ 14. Nxe2 Qxf6
15. Nc3 c6 16. Qb4 Re8 17. c5 Bf8 18. Qa5 Bg4 19. Rd3 Qe7 20. b4 Reb8 21. Rb1
b6 22. cxb6 Bxf3 23. b7 Qxb7 24. Rxf3 Bxb4 25. Qa4 a5 26. h3 Qa6 27. Qb3 Qa7
28. Rc1 Bc5 29. Qa4 Rc8 30. Nd1 Rd8 31. Rf6 Rd2 32. Qxc6 Bd4 33. Rb1 Rb8 34.
Rxg6+ fxg6 35. Qxg6+ Kf8 36. Rxb8+ Ke7 37. Re8+ Kd7 38. Qe6+ Kc7 39. Rc8+ Kb7
40. Qc6# 1-0

[Event "Dutch Open 2009"]
[Site "Dieren NED"]
[Date "2009.07.25"]
[Round "5.30"]
[White "Mostertman, Milan"]
[Black "Duijker, Rick"]
[Result "1-0"]
[WhiteElo "2119"]
[BlackElo "2240"]
[PlyCount "67"]
[EventDate "2009.07.21"]
[EventType "swiss"]
[EventRounds "9"]
[EventCountry "NED"]
[Source "lmi"]
[SourceDate "2009.07.21"]

1. e4 c6 2. d4 Na6 3. Nf3 g6 4. Nbd2 Nc7 5. Bd3 Bg7 6. c3 d5 7. e5 Bg4 8. h3
Bxf3 9. Nxf3 e6 10. h4 h5 11. Bg5 Ne7 12. Qc2 Qd7 13. Kf1 O-O-O 14. g3 Kb8 15.
Kg2 Rc8 16. b4 b6 17. a4 a6 18. Rhb1 Kb7 19. Nd2 Ra8 20. Kg1 Rhb8 21. Bf1 Kc8
22. Bg2 Kd8 23. Nb3 Ke8 24. a5 b5 25. Nc5 Qc8 26. f3 Bf8 27. g4 hxg4 28. fxg4
Ng8 29. h5 Bxc5 30. hxg6 Be7 31. gxf7+ Kd7 32. Qh7 Nh6 33. Rf1 Qh8 34. f8=N+
1-0

[Event "Dutch Open 2009"]
[Site "Dieren NED"]
[Date "2009.07.25"]
[Round "5.40"]
[White "Roggeveen, Wouter"]
[Black "Wilgenhof, Otto"]
[Result "0-1"]
[WhiteElo "2025"]
[BlackElo "2207"]
[PlyCount "40"]
[EventDate "2009.07.21"]
[EventType "swiss"]
[EventRounds "9"]
[EventCountry "NED"]
[Source "lmi"]
[SourceDate "2009.07.21"]

1. e4 e6 2. Qe2 c5 3. g3 Nc6 4. c3 g6 5. Bg2 Bg7 6. d3 Nge7 7. Nf3 d5 8. O-O
O-O 9. Nbd2 b5 10. Nb3 Qb6 11. e5 c4 12. Nc5 Qxc5 13. Be3 cxd3 14. Qd2 Qc4 15.
b3 Qe4 16. Nd4 Qxe5 17. Bf4 Qh5 18. Bf3 Qh3 19. Qd1 Nxd4 20. Bg4 Ne2+ 0-1

[Event "Dutch Open 2009"]
[Site "Dieren NED"]
[Date "2009.07.27"]
[Round "6.1"]
[White "Giri, Anish"]
[Black "Ernst, Sipke"]
[Result "1/2-1/2"]
[WhiteElo "2518"]
[BlackElo "2598"]
[PlyCount "38"]
[EventDate "2009.07.21"]
[EventType "swiss"]
[EventRounds "9"]
[EventCountry "NED"]
[Source "lmi"]
[SourceDate "2009.07.21"]

1. d4 d5 2. c4 c6 3. Nf3 Nf6 4. e3 Bf5 5. Nc3 e6 6. Nh4 Bg6 7. Be2 Be7 8. O-O
Nbd7 9. g3 O-O 10. Nxg6 hxg6 11. b3 Re8 12. Bb2 Rc8 13. Qc2 Qa5 14. a3 dxc4 15.
Bxc4 Qh5 16. Kg2 c5 17. Be2 Qh7 18. dxc5 Nxc5 19. Bc4 a6 1/2-1/2

[Event "Dutch Open 2009"]
[Site "Dieren NED"]
[Date "2009.07.27"]
[Round "6.3"]
[White "Timman, Jan H"]
[Black "Ikonnikov, Vyacheslav"]
[Result "1-0"]
[WhiteElo "2569"]
[BlackElo "2556"]
[PlyCount "89"]
[EventDate "2009.07.21"]
[EventType "swiss"]
[EventRounds "9"]
[EventCountry "NED"]
[Source "lmi"]
[SourceDate "2009.07.21"]

1. d4 Nf6 2. c4 e6 3. Nc3 Bb4 4. e3 b6 5. Nge2 c5 6. a3 Ba5 7. Rb1 Na6 8. g3
Bb7 9. d5 exd5 10. Bg2 Ne4 11. cxd5 Nxc3 12. bxc3 O-O 13. O-O d6 14. c4 Nc7 15.
Qc2 Qe7 16. Be4 h6 17. Bb2 Ne8 18. Nc1 Qd7 19. Bh7+ Kh8 20. Bf5 Qc7 21. Nb3 b5
22. Nxa5 Qxa5 23. Bc3 Qd8 24. Rfd1 Nc7 25. Qb2 Rg8 26. Qe2 Qg5 27. Qf3 Bc8 28.
Bxc8 Raxc8 29. cxb5 Qg6 30. e4 Rge8 31. e5 Na8 32. exd6 Nb6 33. a4 Rcd8 34. a5
Nc4 35. b6 axb6 36. axb6 Nxd6 37. Bd2 Ne4 38. Bf4 Qf5 39. Kg2 Nd6 40. b7 Qd7
41. Qb3 Rb8 42. Qb6 Red8 43. Qc6 Rxb7 44. Rxb7 Nxb7 45. Bc7 1-0